La Caduta

Sábháilte in:
Sonraí bibleagrafaíochta
Príomhchruthaitheoir: Albert Campus
Formáid: LEABHAR
Teanga:Teanga Anaithnid nó Neamhbhailí
Foilsithe / Cruthaithe: Garzanti
Clibeanna: Cuir clib leis
Níl clibeanna ann, Bí ar an gcéad duine le clib a chur leis an taifead seo!

MARC

LEADER 00000nam a2200000Ia 4500
001 R-612
003 CODICE-MESSINA
005 20260212102454.0
008 260211s9999 xx 000 0 und d
040 |c importazione_messina 
100 |a Albert Campus 
245 0 |a La Caduta 
260 |b Garzanti 
942 |2 ddc  |c BK 
952 |0 0  |1 0  |2 ddc  |4 0  |6 SCAFFALE_5_000000000000000__ROMANZI  |7 0  |9 31433  |a ME  |b ME  |d 2026-02-11  |l 0  |o SCAFFALE 5 - ROMANZI  |p R-612  |r 2026-02-11 23:52:33  |w 2026-02-11  |x [REVISIONARE]  |y BK 
999 |c 27098  |d 27098